Zákon o mzdě a předpisy související s komentářem

Na minha lista:
Detalhes bibliográficos
Autor principal: Malý, Jiří
Outros Autores: Tomší, Ivan
Formato: Livro
Idioma:tcheco
Publicado em: Praha Práce 1992
Edição:1. vyd.
Assuntos:
Tags: Adicionar Tag
Sem tags, seja o primeiro a adicionar uma tag!

MARC

LEADER 00000nam a2200000 4500
001 c001196
005 20221214091114.6
020 |a 80-208-0244-4 
041 0 |a cze 
044 |a CZ 
245 1 0 |a Zákon o mzdě a předpisy související s komentářem  |c Jiří Malý, Ivan Tomší 
250 |a 1. vyd. 
264 1 |a Praha  |b Práce  |c 1992 
300 |a 141 s. 
610 2 0 |a mzdy 
610 2 0 |a odmeňovanie 
610 2 0 |a zárobky priemerné 
610 2 0 |a podmienky pracovné 
610 2 0 |a tarify mzdové 
610 2 0 |a mzdy minimálne 
610 2 0 |a cestovné 
610 2 0 |a náhrada výdavkov 
610 2 0 |a ČSFR 
610 2 0 |a 1990 
100 1 |a Malý, Jiří 
700 1 |a Tomší, Ivan